Die 10 größten Städte Asiens - Statistiken

Allgemein
  • Dieses Quiz wurde 80 mal gespielt
  • Das Durchschnittsergebnis liegt bei 7 aus 10
Antwortstatistiken
Land 👥 Stadt % Korrekt
🇯🇵 37 Mio. Tokio
100%
🇨🇳 21 Mio. Peking
96%
🇹🇷 15 Mio. Istanbul
82%
🇨🇳 28 Mio. Shanghai
81%
🇮🇳 20 Mio. Mumbai
79%
🇮🇳 32 Mio. Delhi
78%
🇯🇵 19 Mio. Osaka
69%
🇧🇩 22 Mio. Dhaka
52%
🇵🇰 16,8 Mio Karatschi
46%
🇨🇳 16,9 Mio. Chongqing
31%
Keine übereinstimmenden Quizze gefunden
Verteilung der Resultate
Anzahl Personen mit jedem Resultat
Perzentil nach korrekt beantworteten Fragen
Ihre Resultats-Entwicklung
Sie haben dieses Quiz noch nicht gespielt